Golden Girls Trivia II Quiz Stats

 Plays Quiz not verified by Sporcle

Challenge
Share
Tweet
Embed
Score 0/20 Timer 04:00
0 Plays Today
Question Answer % Correct
What NYC borough are Sophia and Dorothy originally from?Brooklyn
94.3%
Which character owns the Miami home where the girls live?Blanche
90.6%
What is the name of Sophia's old retirement home?Shady Pines
89.7%
What is Rose's late husband's name?Charlie
87.6%
On what channel did the Golden Girls originally air?NBC
85.6%
After the Golden Girls ended, Blanche, Rose and Sophia starred in what spin-off?Golden Palace
85.3%
What year did the Golden Girls premiere?1985
84.9%
What is Rose's college professor boyfriend's name?Miles
77.6%
What spinoff show featured the Girls' next-door neighbors?Empty Nest
77.3%
Instead of hearing 'lesbian', Blanche thought Rose was calling Dorothy's friend this?Lebanese
74.5%
Question Answer % Correct
What did Dorothy's ex-husband Stan use in therapy to get over her?monkey
74%
What is the name of the game show that the girls appear on in Los Angeles?Grab That Dough
68.8%
Who is Sophia's former priest brother?Angelo
68.3%
Who does Sophia briefly marry during the series run?Max
66.8%
What character did Dorothy play when they put on a performance of 'Henny Penny'?Turkey Lurky
65.7%
What is the name of Blanche's uncle who Dorothy marries in the series finale?Lucas
62.1%
What is the name of Blanche's baby granddaughter that she tries to pass off as her own?Aurora
61.4%
Rose Nyland is from St. Olaf. What is the name of the neighboring town?St. Gustav
60.2%
What is the name of Rose's daughter, who came to Miami when her mother had a heart attack?Kirsten
58.6%
What now-famous movie actor starred on the above show?Don Cheadle
25.3%

You're not logged in!

Compare scores with friends on all Sporcle quizzes.
Join for Free
OR
Log In

You Might Also Like...

Show Comments

Extras

Created Jul 26, 2011ReportNominate
Tags:TV Show Quiz, Golden Girls

Top Quizzes Today


Score Distribution

Your Account Isn't Verified!

In order to create a playlist on Sporcle, you need to verify the email address you used during registration. Go to your Sporcle Settings to finish the process.

Report this User

Report this user for behavior that violates our Community Guidelines.

Details: